[Event "Rated Blitz game"]
[Site "?"]
[Date "2021.06.23"]
[Round "?"]
[White "blunder_ata"]
[Black "oj_ossa"]
[Result "0-1"]
[WhiteElo "2419"]
[BlackElo "2518"]
[PlyCount "78"]
[EventDate "2021.??.??"]
[EventType "blitz"]

1. e4 e5 2. Nf3 Nc6 3. c3 Nf6 4. Qa4 Bc5 5. d4 Bd6 6. Bd3 O-O 7. O-O a6 8. d5
Ne7 9. c4 Ng6 10. Nc3 Bc5 11. Be3 Bxe3 12. fxe3 d6 13. Rae1 Bd7 14. Qd1 b6 15.
Kh1 Kh8 16. Qe2 a5 17. a4 Be8 18. b3 Nd7 19. Qf2 Nc5 20. Bc2 Bd7 21. h4 f5 22.
h5 Ne7 23. Qh4 f4 24. h6 Ng6 25. hxg7+ Kxg7 26. Qxd8 Raxd8 27. exf4 Nxf4 28.
Nh4 Rf6 29. Nf5+ Bxf5 30. exf5 Rg8 31. g3 Rh6+ 32. Kg1 Kf6 33. Re3 Nh5 34. Kf2
Nxg3 35. Rxg3 Rh2+ 36. Kf3 Rxg3+ 37. Kxg3 Rxc2 38. Rf3 Rxc3 39. Rxc3 Ne4+ {
Normal} 0-1

[Event "Rated Rapid game"]
[Site "?"]
[Date "2021.06.23"]
[Round "?"]
[White "Fight-chess"]
[Black "Darth_Vader8"]
[Result "1-0"]
[WhiteElo "2612"]
[BlackElo "2638"]
[PlyCount "169"]
[EventDate "2021.??.??"]
[EventType "rapid"]

1. e4 e5 2. Nf3 Nc6 3. c3 Nf6 4. d4 Nxe4 5. d5 Ne7 6. Nxe5 Nf6 7. Bc4 d6 8.
Bb5+ Nd7 9. Nf3 c6 10. dxc6 bxc6 11. Ba4 d5 12. O-O g6 13. Re1 Bb7 14. Qe2 Bg7
15. Bg5 Nf6 16. Nbd2 h6 17. Bh4 Kf8 18. Nb3 Nf5 19. Nc5 Bc8 20. Bxc6 Rb8 21.
Rad1 g5 22. Bg3 Nxg3 23. hxg3 Kg8 24. b4 a5 25. a3 axb4 26. axb4 Bf5 27. Qe5
Bg6 28. Qe2 Kh7 29. Ne5 Qc7 30. Nxg6 fxg6 31. Ba4 Ra8 32. Ne6 Qf7 33. Bc6 Rac8
34. b5 Ne4 35. Nxg7 Qxg7 36. Qd3 Rhf8 37. Rf1 Nxc3 38. Rd2 d4 39. Re1 Rcd8 40.
Qc4 Rf7 41. Rc1 Rdf8 42. f3 Qe5 43. Rf2 Qe3 44. Rcf1 Re7 45. Kh2 h5 46. b6 h4
47. gxh4 gxh4 48. b7 Qf4+ 49. Kg1 Qg3 50. Qxd4 Ne2+ 51. Rxe2 Rxe2 52. Rf2 Re1+
53. Rf1 h3 54. Qd7+ Kg8 55. Qxh3 Rxf1+ 56. Kxf1 Qc7 57. Qe6+ Kh8 58. Bd5 Qc1+
59. Kf2 Qd2+ 60. Kg1 Qc1+ 61. Kh2 Qf4+ 62. Kg1 Qd4+ 63. Kh2 Rd8 64. Be4 Qg7 65.
Qh3+ Qh7 66. Bxg6 Qxh3+ 67. Kxh3 Kg7 68. Be4 Kf6 69. g4 Ke5 70. Kg3 Rf8 71. Bf5
Rb8 72. Bc8 Kf6 73. f4 Kg6 74. g5 Kh5 75. Kh3 Kg6 76. Kg4 Kg7 77. f5 Kf7 78.
Kh5 Kg7 79. f6+ Kh7 80. g6+ Kg8 81. Kh6 Kf8 82. g7+ Kg8 83. Kg6 Rxb7 84. Be6+
Rf7 85. Bxf7# {Normal} 1-0

[Event "Rated Blitz game"]
[Site "?"]
[Date "2021.06.23"]
[Round "?"]
[White "Buzilo"]
[Black "Sirglen"]
[Result "1/2-1/2"]
[WhiteElo "2420"]
[BlackElo "2346"]
[PlyCount "75"]
[EventDate "2021.??.??"]
[EventType "blitz"]

1. e4 e5 2. Nf3 Nc6 3. c3 Bc5 4. d4 exd4 5. cxd4 Bb6 6. d5 Nce7 7. d6 Ng6 8.
Nc3 Qf6 9. dxc7 Bxc7 10. Nd5 Qd6 11. Bc4 Nf6 12. O-O O-O 13. Nxc7 Qxc7 14. Qd3
Ne5 15. Nxe5 Qxe5 16. f4 Qxe4 17. Qxe4 Nxe4 18. Be3 Nf6 19. Rfd1 d5 20. Bxd5
Nxd5 21. Rxd5 Be6 22. Rd2 Rfd8 23. Rxd8+ Rxd8 24. a3 b6 25. Rc1 Rc8 26. Rxc8+
Bxc8 27. Kf2 Kf8 28. Bd4 f6 29. Ke3 Ke7 30. Kd3 Be6 31. Kc3 Kd6 32. g3 Kd5 33.
Kd3 h5 34. Ke3 Bh3 35. Kd3 Bf1+ 36. Ke3 Bc4 37. Bc3 Bb3 38. Bd4 {Normal}
1/2-1/2

[Event "Rated Blitz game"]
[Site "?"]
[Date "2021.06.23"]
[Round "?"]
[White "mandarria"]
[Black "mocaspoke"]
[Result "0-1"]
[WhiteElo "2439"]
[BlackElo "2579"]
[PlyCount "100"]
[EventDate "2021.??.??"]
[EventType "blitz"]

1. e4 e5 2. Nf3 Nc6 3. c3 d5 4. Qa4 Nge7 5. Nxe5 dxe4 6. Nxc6 Nxc6 7. Qxe4+ Be7
8. d4 O-O 9. Bd3 g6 10. O-O Re8 11. Qf3 Be6 12. Nd2 Qd7 13. Ne4 Bd5 14. Qg3 Nd8
15. Bg5 Bxg5 16. Nxg5 h6 17. Nf3 Ne6 18. Ne5 Qd6 19. Bxg6 fxg6 20. Qxg6+ Ng7
21. Qg3 Kh7 22. f4 Nf5 23. Qh3 Qf6 24. g4 Nd6 25. g5 Rg8 26. Rae1 Be4 27. Qg3
Qf5 28. h4 Raf8 29. c4 c6 30. Re3 b5 31. b3 Rg7 32. Rfe1 bxc4 33. bxc4 Qxf4 34.
Qxf4 Rxf4 35. c5 Nf5 36. Rxe4 Rxh4 37. Rxh4 Rxg5+ 38. Rg4 Nh4 39. Rxg5 hxg5 40.
Kf2 Nf5 41. Rh1+ Kg7 42. Rd1 Ne7 43. Nf3 g4 44. d5 gxf3 45. dxc6 Nxc6 46. Rd7+
Kf6 47. Rc7 Nd4 48. Rxa7 Ke5 49. Ra3 Kd5 50. Rxf3 Nc6 {Time forfeit} 0-1

[Event "Rated Blitz game"]
[Site "?"]
[Date "2021.06.23"]
[Round "?"]
[White "seven-op"]
[Black "RomanovRG"]
[Result "0-1"]
[WhiteElo "2409"]
[BlackElo "2404"]
[PlyCount "58"]
[EventDate "2021.??.??"]
[EventType "blitz"]

1. e4 e5 2. Nf3 Nc6 3. c3 Nf6 4. Bb5 d6 5. d3 Be7 6. Nbd2 a6 7. Ba4 b5 8. Bb3
Bb7 9. O-O h6 10. h3 Na5 11. Bc2 c5 12. Re1 O-O 13. Nf1 Re8 14. Ng3 Bf8 15. Be3
d5 16. a4 c4 17. exd5 cxd3 18. Bb1 Qxd5 19. b4 Nc4 20. Ba2 Qc6 21. Bb3 Rad8 22.
Bd2 Rc8 23. Kh2 Nxd2 24. Qxd2 Qxc3 25. Qxc3 Rxc3 26. Rab1 Bxf3 27. gxf3 Rd8 28.
Rxe5 Rxb3 29. Rxb3 d2 {Normal} 0-1

[Event "Rated Blitz game"]
[Site "?"]
[Date "2021.06.23"]
[Round "?"]
[White "vascodiogo17"]
[Black "OtBRedBaron1"]
[Result "0-1"]
[WhiteElo "2467"]
[BlackElo "2465"]
[PlyCount "106"]
[EventDate "2021.??.??"]
[EventType "blitz"]

1. e4 e5 2. Nf3 Nc6 3. c3 Nf6 4. d4 d5 5. dxe5 Nxe4 6. Bf4 Bf5 7. Nbd2 Be7 8.
Nxe4 dxe4 9. Nd4 Nxd4 10. Qxd4 Qxd4 11. cxd4 O-O-O 12. O-O-O Be6 13. b3 c5 14.
dxc5 Rxd1+ 15. Kxd1 Bxc5 16. Be3 Rd8+ 17. Kc2 Bd4 18. Bxd4 Rxd4 19. Be2 Rd5 20.
Bc4 Rxe5 21. Bxe6+ Rxe6 22. g4 Kd7 23. Kd2 Rd6+ 24. Ke2 Ke6 25. Rc1 Rc6 26. Rd1
Rc2+ 27. Ke3 Rxa2 28. Rd8 Rb2 29. Rh8 Rxb3+ 30. Kxe4 Rb4+ 31. Kf3 h6 32. h4 a5
33. Re8+ Kd7 34. Rg8 a4 35. Rxg7 Ke6 36. Rg8 a3 37. Ra8 Rb3+ 38. Ke4 b5 39. f4
b4 40. Ra6+ Kd7 41. Rxh6 a2 42. Rf6 a1=Q 43. Rxf7+ Ke6 44. Rc7 Qe1+ 45. Kd4
Qe4+ 46. Kc5 Rc3+ 47. Kb6 Qd4+ 48. Kb7 Rxc7+ 49. Kxc7 Qc5+ 50. Kb7 Kd7 51. f5
Qb5+ 52. Ka7 Kc7 53. g5 Qb7# {Normal} 0-1

[Event "Rated Blitz game"]
[Site "?"]
[Date "2021.06.23"]
[Round "?"]
[White "ClubPhilidorMoron"]
[Black "Beletko"]
[Result "1-0"]
[WhiteElo "2390"]
[BlackElo "2416"]
[PlyCount "71"]
[EventDate "2021.??.??"]
[EventType "blitz"]

1. e4 e5 2. Nf3 Nc6 3. c3 f5 4. d4 fxe4 5. Nxe5 Nf6 6. Bg5 Be7 7. Nd2 O-O 8.
Be2 d5 9. Nxc6 bxc6 10. O-O Qe8 11. Kh1 Qg6 12. Bf4 Ng4 13. Bg3 Bd6 14. Bxg4
Bxg4 15. Qe1 Bxg3 16. fxg3 Qh6 17. Rxf8+ Rxf8 18. Nf1 Rf6 19. Ne3 Be6 20. Qe2
Qg5 21. Kg1 h5 22. Rf1 Bg4 23. Qe1 Rxf1+ 24. Kxf1 Bc8 25. Kg1 g6 26. Qf2 Kg7
27. Qf4 Qxf4 28. gxf4 Ba6 29. h4 Bd3 30. Kf2 Kf6 31. b4 Ke6 32. a3 Kf6 33. Kg3
Ke6 34. f5+ gxf5 35. Kf4 Kf6 36. Nxf5 {Normal} 1-0

[Event "Titled Tuesday 22nd June"]
[Site "chess.com INT"]
[Date "2021.06.22"]
[Round "8"]
[White "Slavin, A."]
[Black "Deviprasath, Sharvesh"]
[Result "0-1"]
[WhiteElo "2364"]
[BlackElo "2131"]
[PlyCount "100"]
[EventDate "2021.06.22"]
[SourceTitle "The Week in Chess 1390"]
[Source "Mark Crowther"]
[SourceDate "2021.06.28"]
[SourceVersion "2"]
[SourceVersionDate "2021.06.28"]
[SourceQuality "2"]

1. e4 e5 2. Nf3 Nc6 3. c3 Nf6 4. d4 Nxe4 5. d5 Bc5 6. dxc6 Bxf2+ 7. Ke2 bxc6 8.
Qa4 d5 9. Qxc6+ Kf8 10. Be3 Bxe3 11. Kxe3 Rb8 12. Nbd2 Rb6 13. Qa4 d4+ 14. cxd4
exd4+ 15. Qxd4 Rd6 16. Qxe4 Re6 17. Ne5 Qg5+ 18. Kf2 Qxd2+ 19. Kg1 Qxb2 20. Re1
f6 21. Qe2 Qd4+ 22. Qf2 Qxf2+ 23. Kxf2 fxe5 24. Bc4 Rf6+ 25. Ke3 Ke7 26. Rhf1
Bb7 27. g3 Rhf8 28. Rb1 Rxf1 29. Bxf1 Bd5 30. a4 Rf3+ 31. Kd2 Rf2+ 32. Ke3 Rxh2
33. Ba6 Rg2 34. Rb5 Kd6 35. Bc8 Rxg3+ 36. Kf2 Rf3+ 37. Ke2 Rf8 38. Ba6 Bc4+ 39.
Ke3 Bxb5 40. Bxb5 h6 41. a5 g5 42. Be2 Rf4 43. Kd3 Rd4+ 44. Ke3 Kc5 45. Bf3 Kb4
46. a6 c5 47. Bb7 Ka5 48. Bc8 Kb6 49. Bb7 h5 50. Ke2 h4 0-1

[Event "Titled Tuesday 22nd June"]
[Site "chess.com INT"]
[Date "2021.06.22"]
[Round "7"]
[White "Slavin, A."]
[Black "Agrest, I."]
[Result "1-0"]
[WhiteElo "2364"]
[BlackElo "2285"]
[PlyCount "79"]
[EventDate "2021.06.22"]
[SourceTitle "The Week in Chess 1390"]
[Source "Mark Crowther"]
[SourceDate "2021.06.28"]
[SourceVersion "2"]
[SourceVersionDate "2021.06.28"]
[SourceQuality "2"]

1. e4 e5 2. Nf3 Nc6 3. c3 d5 4. Qa4 f6 5. d3 Nge7 6. Be2 Be6 7. b4 Qd7 8. O-O
a6 9. a3 g5 10. Qc2 h5 11. Nbd2 Ng6 12. Nb3 g4 13. Ne1 h4 14. g3 hxg3 15. fxg3
dxe4 16. dxe4 Qh7 17. Rf2 O-O-O 18. Nc5 Bxc5 19. bxc5 Nge7 20. Be3 f5 21. Nd3
fxe4 22. Nb4 Rdf8 23. Raf1 Nxb4 24. axb4 Rxf2 25. Rxf2 Nd5 26. Qc1 Ne7 27. c4
Kb8 28. b5 axb5 29. cxb5 Nf5 30. b6 cxb6 31. cxb6 Rc8 32. Qa3 Rc6 33. Qa7+ Kc8
34. Qa8+ Kd7 35. Qxb7+ Kd6 36. Qxh7 Nxe3 37. Qxe4 Rc1+ 38. Bf1 Nd5 39. Rb2 Nf6
40. Qb4+ 1-0

[Event "Titled Tuesday 22nd June"]
[Site "chess.com INT"]
[Date "2021.06.22"]
[Round "3"]
[White "Flores Quillas, Diego Saul Rodri"]
[Black "Bures, Vi"]
[Result "0-1"]
[WhiteElo "2245"]
[BlackElo "2119"]
[PlyCount "56"]
[EventDate "2021.06.22"]
[SourceTitle "The Week in Chess 1390"]
[Source "Mark Crowther"]
[SourceDate "2021.06.28"]
[SourceVersion "2"]
[SourceVersionDate "2021.06.28"]
[SourceQuality "2"]

1. e4 e5 2. Nf3 Nc6 3. c3 d5 4. Qa4 f6 5. d3 Nge7 6. Nbd2 Bd7 7. Qc2 Be6 8. g3
Ng6 9. Bg2 a5 10. a4 Bc5 11. O-O O-O 12. exd5 Bxd5 13. Ne4 Be7 14. Re1 f5 15.
Ned2 Bf6 16. h4 Qd7 17. h5 Nge7 18. Nf1 Rad8 19. Bg5 Bxf3 20. Bxf6 Bxg2 21.
Bxe7 Bxf1 22. Bxd8 Bxd3 23. Qb3+ Kh8 24. Bg5 f4 25. Rad1 fxg3 26. fxg3 Qf5 27.
Qd5 Qf2+ 28. Kh1 Be2 0-1

[Event "Rated Blitz game"]
[Site "?"]
[Date "2021.06.22"]
[Round "?"]
[White "wader51"]
[Black "pipealiev"]
[Result "1-0"]
[WhiteElo "2467"]
[BlackElo "2352"]
[PlyCount "67"]
[EventDate "2021.??.??"]
[EventType "blitz"]

1. e4 e5 2. Nf3 Nc6 3. c3 d5 4. Bb5 f6 5. d4 dxe4 6. Nxe5 fxe5 7. Qh5+ Ke7 8.
Bg5+ Nf6 9. Bxc6 bxc6 10. dxe5 Ba6 11. Nd2 Qd3 12. O-O-O Ke6 13. exf6 Ba3 14.
Qh3+ Qxh3 15. gxh3 gxf6 16. bxa3 fxg5 17. Nxe4 Kf5 18. Rhe1 Rab8 19. Nc5 Bc4
20. Re7 Rhe8 21. Rde1 Rxe7 22. Rxe7 Bxa2 23. Rxc7 Re8 24. Rxh7 Re2 25. Rxa7
Rxf2 26. Nd3 Rxh2 27. Nb4 Bb3 28. Rc7 Ba4 29. Nxc6 Rc2+ 30. Kb1 Ke4 31. Nb4 Rh2
32. Rc4+ Ke3 33. Nd5+ Kd3 34. Rd4+ {Time forfeit} 1-0

[Event "Rated Blitz game"]
[Site "?"]
[Date "2021.06.22"]
[Round "?"]
[White "mandarria"]
[Black "Llegopapa"]
[Result "0-1"]
[WhiteElo "2412"]
[BlackElo "2440"]
[PlyCount "52"]
[EventDate "2021.??.??"]
[EventType "blitz"]

1. e4 e5 2. Nf3 Nc6 3. c3 d5 4. Qa4 Nf6 5. Nxe5 Bd7 6. Nxd7 Qxd7 7. exd5 Nxd5
8. d4 Bd6 9. Be2 Qe6 10. Qc2 O-O 11. O-O Rae8 12. Bf3 Nf4 13. Bxf4 Bxf4 14. Nd2
Qh6 15. g3 Bxd2 16. Qb3 b6 17. Qa4 Na5 18. Qd7 c5 19. dxc5 bxc5 20. Qxa7 Nc4
21. Rab1 Ne5 22. Bg2 c4 23. a4 Nd3 24. a5 Nxf2 25. a6 Be3 26. Qb7 Ng4+ {Normal}
0-1

[Event "Rated Blitz game"]
[Site "?"]
[Date "2021.06.22"]
[Round "?"]
[White "mandarria"]
[Black "Mark-Bueno"]
[Result "0-1"]
[WhiteElo "2407"]
[BlackElo "2386"]
[PlyCount "130"]
[EventDate "2021.??.??"]
[EventType "blitz"]

1. e4 e5 2. Nf3 Nc6 3. c3 Nf6 4. d4 exd4 5. e5 Nd5 6. Bc4 Nb6 7. Bb3 Be7 8.
cxd4 d6 9. O-O O-O 10. h3 dxe5 11. dxe5 Bf5 12. Nc3 Qxd1 13. Rxd1 Rad8 14. Bf4
Rxd1+ 15. Rxd1 Rd8 16. Rxd8+ Bxd8 17. Nb5 Bd7 18. e6 fxe6 19. Nxc7 Bxc7 20.
Bxc7 Nd5 21. Bd6 h6 22. Kf1 Kf7 23. Ke2 Kf6 24. Kd3 a6 25. a3 b5 26. Nd4 Nxd4
27. Kxd4 Bc6 28. Kc5 Bb7 29. Bxd5 Bxd5 30. Kb6 Bxg2 31. h4 Bf1 32. Kxa6 b4+ 33.
Kb6 bxa3 34. bxa3 e5 35. a4 g5 36. hxg5+ hxg5 37. a5 Ke6 38. Bc7 Bg2 39. a6 Kf5
40. Kc5 Kf4 41. Kc4 Kf3 42. Bxe5 Kxf2 43. Kc5 g4 44. Kd6 Bf3 45. Kc7 Kg2 46.
Kb8 Kh3 47. a7 g3 48. a8=Q Bxa8 49. Kxa8 g2 50. Bd4 Kg3 51. Bg1 Kf3 52. Bd4 Ke2
53. Bc5 Kf1 54. Bb6 Ke2 55. Ba7 Kf3 56. Bb6 Ke4 57. Ba7 Kf5 58. Bb6 Ke6 59. Ba7
Kd5 60. Bg1 Kc4 61. Kb7 Kb5 62. Kc7 Kc4 63. Kd7 Kd5 64. Ke7 Ke4 65. Kf6 Kf4 {
Time forfeit} 0-1

[Event "Rated Blitz game"]
[Site "?"]
[Date "2021.06.22"]
[Round "?"]
[White "wader51"]
[Black "Bierpower"]
[Result "0-1"]
[WhiteElo "2456"]
[BlackElo "2479"]
[PlyCount "94"]
[EventDate "2021.??.??"]
[EventType "blitz"]

1. e4 e5 2. Nf3 Nc6 3. c3 f5 4. d4 fxe4 5. Nxe5 Nf6 6. Bg5 d6 7. Nc4 Be7 8. d5
Nb8 9. Nbd2 Bf5 10. Ne3 Bg6 11. Bxf6 Bxf6 12. Nxe4 Bxe4 13. Qa4+ Nd7 14. Qxe4+
Kf7 15. Bb5 Nc5 16. Qf3 Rf8 17. O-O Kg8 18. Qe2 a6 19. Bc4 Be5 20. g3 Qd7 21.
b4 Na4 22. Qd3 Bxc3 23. Rac1 Bf6 24. Bb3 Rac8 25. Nf5 Nb6 26. Nd4 Bxd4 27. Qxd4
Qf5 28. a4 Nd7 29. f4 Nf6 30. Rce1 Rfe8 31. Re6 Ng4 32. Rfe1 Rf8 33. Kg2 Nf6
34. h3 h5 35. R1e2 h4 36. g4 Nxg4 37. Bc2 Qxf4 38. Qxf4 Rxf4 39. Re8+ Rxe8 40.
Rxe8+ Kf7 41. Rc8 Ne3+ 42. Kg1 Nxc2 43. Rxc7+ Kf6 44. Rxc2 Rxb4 45. Rc7 g5 46.
Kg2 Rb3 47. Rd7 Ke5 {Time forfeit} 0-1

[Event "Rated Blitz game"]
[Site "?"]
[Date "2021.06.22"]
[Round "?"]
[White "Buzilo"]
[Black "Kakorin_123"]
[Result "0-1"]
[WhiteElo "2422"]
[BlackElo "2406"]
[PlyCount "78"]
[EventDate "2021.??.??"]
[EventType "blitz"]

1. e4 e5 2. Nf3 Nc6 3. c3 Nf6 4. d4 d6 5. Bb5 Bd7 6. O-O Be7 7. Re1 O-O 8. Ba4
Re8 9. h3 Bf8 10. Nbd2 a6 11. Bc2 h6 12. a3 g6 13. Nf1 Bg7 14. Ng3 exd4 15.
cxd4 b5 16. Be3 Na5 17. d5 c5 18. dxc6 Bxc6 19. Bd4 Nc4 20. b3 Ne5 21. Nxe5
dxe5 22. Bb2 Qe7 23. Rc1 Rad8 24. Qe2 h5 25. b4 h4 26. Nf1 Nh5 27. Ne3 Nf4 28.
Qf3 Bb7 29. Rcd1 Rc8 30. Bb3 Red8 31. Nd5 Nxd5 32. exd5 Rd6 33. Qe3 f6 34. Qa7
Qf7 35. Re2 Rcd8 36. Red2 Bh6 37. Rd3 Bc8 38. Qc5 Bf5 39. Rf3 Be4 {Time forfeit
} 0-1

[Event "Rated Blitz game"]
[Site "?"]
[Date "2021.06.22"]
[Round "?"]
[White "pd2001"]
[Black "Simplychess92"]
[Result "1/2-1/2"]
[WhiteElo "2328"]
[BlackElo "2413"]
[PlyCount "135"]
[EventDate "2021.??.??"]
[EventType "blitz"]

1. e4 e5 2. Nf3 Nc6 3. c3 Bc5 4. d4 exd4 5. cxd4 Bb4+ 6. Nc3 d5 7. e5 Bg4 8.
Be2 Nge7 9. O-O O-O 10. Bg5 Qd7 11. h3 Bh5 12. g4 Bxg4 13. hxg4 Qxg4+ 14. Kh1
Nf5 15. Nxd5 Ncxd4 16. Nxd4 Qxg5 17. Nxf5 Qxf5 18. Nxb4 Qe4+ 19. Bf3 Qxb4 20.
Qb3 Qh4+ 21. Kg1 c6 22. Rad1 Qg5+ 23. Bg2 Qxe5 24. Rfe1 Qa5 25. Re7 Rae8 26.
Rdd7 Rxe7 27. Rxe7 b6 28. Kf1 Qa6+ 29. Kg1 Qa5 30. Qa3 Qd2 31. Bxc6 Qg5+ 32.
Bg2 Qc1+ 33. Kh2 Qh6+ 34. Bh3 a5 35. Qe3 Qf6 36. Qe5 Qxf2+ 37. Bg2 g6 38. Rb7
a4 39. Qd5 Kg7 40. Qe5+ Kg8 41. Re7 b5 42. Qg3 Qxb2 43. a3 b4 44. axb4 Qxb4 45.
Ra7 Kg7 46. Qe5+ Kg8 47. Qe3 h5 48. Bf3 h4 49. Kh3 a3 50. Qxa3 Qxa3 51. Rxa3 g5
52. Bg4 f5 53. Bh5 g4+ 54. Kxh4 Kg7 55. Ra7+ Kf6 56. Ra6+ Ke5 57. Kg5 Rg8+ 58.
Bg6 f4 59. Ra5+ Kd4 60. Ra4+ Ke3 61. Kf5 Rxg6 62. Kxg6 f3 63. Kg5 g3 64. Ra3+
Kf2 65. Kg4 g2 66. Ra2+ Kg1 67. Kxf3 Kh1 68. Rxg2 {Normal} 1/2-1/2

[Event "Rated Rapid game"]
[Site "?"]
[Date "2021.06.22"]
[Round "?"]
[White "joseMF"]
[Black "m_adib_indramayu"]
[Result "1-0"]
[WhiteElo "2448"]
[BlackElo "2365"]
[PlyCount "109"]
[EventDate "2021.??.??"]
[EventType "rapid"]

1. e4 e5 2. Nf3 Nc6 3. c3 d6 4. d4 Bg4 5. Be2 g6 6. h3 Bxf3 7. Bxf3 Bg7 8. Be3
Nge7 9. O-O O-O 10. Na3 f5 11. exf5 Nxf5 12. Qb3+ Kh8 13. Qxb7 exd4 14. cxd4
Nfxd4 15. Bxc6 Rb8 16. Bxd4 Rxb7 17. Bxg7+ Kxg7 18. Bxb7 Qb8 19. Bd5 Qxb2 20.
Nc4 Qb5 21. Ne3 c6 22. Bb3 d5 23. Rac1 d4 24. Nc4 Qg5 25. Rfd1 c5 26. Rc2 Rf3
27. Kf1 Rc3 28. Rcd2 Qf4 29. Kg1 g5 30. Nb2 g4 31. hxg4 Qxg4 32. Na4 Rf3 33.
Nxc5 Rf4 34. Ne6+ Kf6 35. Nxf4 Qxf4 36. Rxd4 Qc7 37. Rd6+ Ke7 38. Rd7+ Qxd7 39.
Rxd7+ Kxd7 40. Kh2 Ke7 41. Kh3 Kf6 42. Kh4 Kg6 43. Bc2+ Kg7 44. Kh5 a6 45. g4
a5 46. a4 Kg8 47. Kh6 Kh8 48. f4 Kg8 49. Kg5 Kg7 50. Kf5 h6 51. Ke5 Kf7 52. Kd5
Kf6 53. Kc5 Ke6 54. Kb5 Kd5 55. Kxa5 {Normal} 1-0

[Event "Rated Blitz game"]
[Site "?"]
[Date "2021.06.22"]
[Round "?"]
[White "Baluk"]
[Black "Alpskj"]
[Result "0-1"]
[WhiteElo "2370"]
[BlackElo "2400"]
[PlyCount "92"]
[EventDate "2021.??.??"]
[EventType "blitz"]

1. e4 e5 2. Nf3 Nc6 3. c3 Nf6 4. d4 d6 5. d5 Ne7 6. Bd3 Ng6 7. h4 h5 8. Bg5 Be7
9. Nbd2 c6 10. c4 O-O 11. Bxf6 Bxf6 12. Ng5 Bg4 13. f3 Bd7 14. Qb3 Bxg5 15.
hxg5 Qxg5 16. O-O-O Rab8 17. Rh2 h4 18. Rdh1 Rfc8 19. Kd1 h3 20. g4 Nf4 21. Bf1
cxd5 22. exd5 b5 23. cxb5 Bxb5 24. Bxb5 a6 25. Ne4 Qg6 26. a4 axb5 27. axb5 Ra8
28. Kd2 Qh6 29. g5 Qh5 30. Nxd6 Rd8 31. Ne4 Rxd5+ 32. Kc2 Rb8 33. Rxh3 Rc5+ 34.
Nxc5 Nxh3 35. Nd7 Rc8+ 36. Kb1 Qg6+ 37. Ka2 Ra8+ 38. Qa3 Rxa3+ 39. Kxa3 Nxg5
40. Rd1 Qe6 41. b6 Qc6 42. b4 Ne6 43. Kb3 Nd4+ 44. Kb2 Qxd7 45. Ka3 Qb7 46. Ka4
Qa6# {Normal} 0-1

[Event "Rated Blitz game"]
[Site "?"]
[Date "2021.06.22"]
[Round "?"]
[White "Buzilo"]
[Black "peshkunets"]
[Result "0-1"]
[WhiteElo "2433"]
[BlackElo "2440"]
[PlyCount "94"]
[EventDate "2021.??.??"]
[EventType "blitz"]

1. e4 e5 2. Nf3 Nc6 3. c3 d5 4. Qa4 f6 5. Bb5 Nge7 6. exd5 Qxd5 7. d4 e4 8. Ng1
Bd7 9. Ne2 a6 10. Bc4 Qf5 11. Ng3 Qg6 12. Be2 h5 13. h4 Nf5 14. Bf4 Ncxd4 15.
Qd1 Nxe2 16. Qxe2 Nxg3 17. Bxg3 O-O-O 18. Nd2 Bc6 19. O-O-O Bd6 20. Nf1 Qf5 21.
Bxd6 Rxd6 22. Ng3 Rxd1+ 23. Rxd1 Qf4+ 24. Qe3 Qxe3+ 25. fxe3 g6 26. Rd4 f5 27.
Ne2 Bb5 28. Nf4 Rg8 29. g3 Bd7 30. Rd5 g5 31. Nxh5 gxh4 32. Nf6 Rxg3 33. Rxd7
h3 34. Rh7 b6 35. Nd5 Rg1+ 36. Kc2 Rg2+ 37. Kb3 h2 38. Nf4 Rf2 39. Ne6 Kb8 40.
Nxc7 a5 41. Nd5 Kc8 42. Nxb6+ Kd8 43. Nc4 Ke8 44. Nxa5 f4 45. Rh4 fxe3 46.
Rxe4+ Kf7 47. Rh4 h1=Q {Time forfeit} 0-1

[Event "Rated Rapid game"]
[Site "?"]
[Date "2021.06.22"]
[Round "?"]
[White "Barad2012"]
[Black "tykev123"]
[Result "0-1"]
[WhiteElo "2287"]
[BlackElo "2417"]
[PlyCount "50"]
[EventDate "2021.??.??"]
[EventType "rapid"]

1. e4 e5 2. Nf3 Nc6 3. c3 Nf6 4. d4 Nxe4 5. d5 Bc5 6. dxc6 Bxf2+ 7. Ke2 Bb6 8.
Qd5 Nf2 9. Rg1 O-O 10. cxb7 Bxb7 11. Qxb7 Qf6 12. Qa6 e4 13. Nd4 c5 14. Nc2 d5
15. Be3 Ng4 16. Nd2 Rfe8 17. h3 Nxe3 18. Nxe3 d4 19. Nd5 d3+ 20. Ke1 Qg5 21.
Qc4 Qg3+ 22. Kd1 Qf2 23. Rh1 Rad8 24. Nxb6 e3 25. Bxd3 Qxd2# {Normal} 0-1

[Event "Rated Blitz game"]
[Site "?"]
[Date "2021.06.22"]
[Round "?"]
[White "Mulika13"]
[Black "Bibekthing"]
[Result "1-0"]
[WhiteElo "2522"]
[BlackElo "2431"]
[PlyCount "31"]
[EventDate "2021.??.??"]
[EventType "blitz"]

1. e4 e5 2. Nf3 Nc6 3. c3 Nf6 4. d4 exd4 5. e5 Nd5 6. Bc4 Nb6 7. Bb3 dxc3 8.
Ng5 Nxe5 9. Nxc3 h6 10. f4 hxg5 11. fxe5 Bb4 12. Qf3 Qe7 13. O-O O-O 14. Ne4
Qxe5 15. Bxf7+ Rxf7 16. Qxf7+ {Normal} 1-0

[Event "Rated Blitz game"]
[Site "?"]
[Date "2021.06.22"]
[Round "?"]
[White "Mikkel_Vinh"]
[Black "Protput"]
[Result "1-0"]
[WhiteElo "2414"]
[BlackElo "2431"]
[PlyCount "55"]
[EventDate "2021.??.??"]
[EventType "blitz"]

1. e4 e5 2. Nf3 Nc6 3. c3 d5 4. exd5 Qxd5 5. d4 exd4 6. cxd4 Bg4 7. Be2 Bb4+ 8.
Nc3 Bxf3 9. Bxf3 Qc4 10. Be2 Bxc3+ 11. bxc3 Qxc3+ 12. Bd2 Qxd4 13. O-O O-O-O
14. Be3 Qxd1 15. Rfxd1 Nge7 16. Rdc1 f6 17. Rab1 Rhe8 18. Bg4+ f5 19. Bf3 g6
20. Bg5 b6 21. Bxc6 Nxc6 22. Rxc6 Rd6 23. Rxd6 cxd6 24. g3 Kd7 25. Bf4 Re2 26.
Rd1 Rxa2 27. Rxd6+ Ke7 28. Rc6 {Normal} 1-0

[Event "Rated Blitz game"]
[Site "?"]
[Date "2021.06.22"]
[Round "?"]
[White "Muradore"]
[Black "blerimi"]
[Result "1-0"]
[WhiteElo "2503"]
[BlackElo "2358"]
[PlyCount "93"]
[EventDate "2021.??.??"]
[EventType "blitz"]

1. e4 e5 2. Nf3 Nc6 3. c3 d5 4. Qa4 Qd6 5. d4 exd4 6. Nxd4 Bd7 7. exd5 Qxd5 8.
Be3 Nxd4 9. Qxd4 Qxd4 10. Bxd4 O-O-O 11. Bxa7 Re8+ 12. Be3 Bc5 13. Nd2 Bxe3 14.
fxe3 Rxe3+ 15. Kf2 Re6 16. Bc4 Rf6+ 17. Nf3 Bc6 18. Rhe1 Nh6 19. h3 Nf5 20.
Rad1 Nh4 21. Bd5 Bxd5 22. Rxd5 Nxf3 23. gxf3 c6 24. Rde5 Rd8 25. Re8 Rxe8 26.
Rxe8+ Kd7 27. Rg8 g6 28. Kg3 h5 29. h4 b5 30. Ra8 Kd6 31. a4 bxa4 32. Rxa4 c5
33. Rf4 Rxf4 34. Kxf4 f6 35. b3 Kd5 36. Ke3 g5 37. hxg5 fxg5 38. f4 g4 39. b4
cxb4 40. cxb4 h4 41. f5 Ke5 42. b5 h3 43. Kf2 Kf4 44. f6 g3+ 45. Kg1 Kf3 46. f7
h2+ 47. Kh1 {Normal} 1-0

[Event "Rated Blitz game"]
[Site "?"]
[Date "2021.06.22"]
[Round "?"]
[White "Buzilo"]
[Black "Prosvirnov_Sergei"]
[Result "0-1"]
[WhiteElo "2416"]
[BlackElo "2355"]
[PlyCount "72"]
[EventDate "2021.??.??"]
[EventType "blitz"]

1. e4 e5 2. Nf3 Nc6 3. c3 Nf6 4. d4 d6 5. Bb5 Bd7 6. O-O Be7 7. Re1 O-O 8. Ba4
Re8 9. h3 Bf8 10. Nbd2 h6 11. a3 a6 12. Bc2 b5 13. Nf1 g6 14. Ng3 Bg7 15. Be3
a5 16. Qd2 Kh7 17. Rad1 exd4 18. cxd4 b4 19. d5 Ne5 20. Nxe5 Rxe5 21. axb4 axb4
22. Qxb4 Rb8 23. Qa3 Nh5 24. Nxh5 Rxh5 25. b4 Bxh3 26. gxh3 Rxh3 27. Kf1 Qh4
28. Ke2 Qf6 29. Kd2 Rf3 30. Bd3 Rxf2+ 31. Bxf2 Qxf2+ 32. Re2 Qd4 33. Rf1 Rxb4
34. Rxf7 Rb2+ 35. Kc1 Qg1+ 36. Re1 Qxe1# {Normal} 0-1

[Event "Rated Blitz game"]
[Site "?"]
[Date "2021.06.22"]
[Round "?"]
[White "Buzilo"]
[Black "Franak19"]
[Result "1-0"]
[WhiteElo "2420"]
[BlackElo "2338"]
[PlyCount "55"]
[EventDate "2021.??.??"]
[EventType "blitz"]

1. e4 e5 2. Nf3 Nc6 3. c3 Nf6 4. d4 Nxe4 5. d5 Nb8 6. Nxe5 d6 7. Bb5+ Nd7 8.
Nxd7 Bxd7 9. Qe2 Bxb5 10. Qxb5+ Qd7 11. Qxb7 Qc8 12. Qc6+ Kd8 13. O-O Be7 14.
Re1 f5 15. f3 Nf6 16. Bg5 Nxd5 17. Qxd5 Bxg5 18. Na3 Rb8 19. Nc4 Qd7 20. Rad1
Qb5 21. Qd3 Re8 22. b3 Rxe1+ 23. Rxe1 Qc5+ 24. Kh1 Kd7 25. Ne5+ Ke6 26. Nc6+
Kf6 27. Nxb8 Qb6 28. Nd7+ {Normal} 1-0